| 000 | 00556nam a2200181Ia 4500 | ||
|---|---|---|---|
| 003 | IN-BaIIA | ||
| 008 | 211028s9999 xx 000 0 eng d | ||
| 020 | _a2-85367-098-8 | ||
| 040 | _cIIA Library | ||
| 080 |
_a523.9 _bROM |
||
| 100 |
_aRomani, L _919478 |
||
| 245 | 0 |
_aLa naissance du systeme solaire (in French) _cL. Romani |
|
| 260 |
_aParis _bLibrairie Scientifique Et Technique _c1983 |
||
| 300 | _a141p. | ||
| 650 | _aAstronomy and astrophysics Thesaurus | ||
| 650 | _aSolar system | ||
| 942 | _cBK | ||
| 999 |
_c11336 _d11336 |
||